| 000 | 00591nam a2200241Ia 4500 | ||
|---|---|---|---|
| 008 | 181129s9999 xx 000 0 und d | ||
| 020 | _a9780439676618 | ||
| 050 | _bT188 2004 | ||
| 100 | _aTarlow, Ellen | ||
| 245 | 0 | _aFun with simple machines / | |
| 245 | 0 | _cby Ellen Tarlow ; illustrated by Mark Oliver. | |
| 260 | _aNew York, NY : | ||
| 260 | _bScholastic, | ||
| 260 | _c2004 | ||
| 300 | _a7 pages : | ||
| 300 | _bcolor illustrations ; | ||
| 300 | _c19cm. | ||
| 500 | _aBR | ||
| 650 | _aInclined planes. | ||
| 650 | _aLevers. | ||
| 650 | _aPulleys. | ||
| 700 | _aTitle. | ||
| 999 |
_c359990 _d359990 |
||